| 000 | 00536nam a2200181Ia 4500 | ||
|---|---|---|---|
| 999 |
_c32486 _d32486 |
||
| 003 | OSt | ||
| 005 | 20200810110109.0 | ||
| 008 | 190216s9999||||xx |||||||||||||| ||und|| | ||
| 020 | _a9781420044812 | ||
| 040 | _coclc | ||
| 082 |
_a511.5 _bHSU/G |
||
| 100 |
_aHsu, Lih-Hsing _94017 |
||
| 245 | 0 |
_aGraph Theory And Interconnection Networks / _cLih-Hsing Hsu ; Cheng -kuan Lin |
|
| 260 |
_bCrc Press, _c2009. _aLondon: |
||
| 300 | _a706p | ||
| 650 | _aMathe Matics | ||
| 942 |
_cBK _2ddc _h511.5 _iHSU/G _k511.5 _mHSU/G |
||